| 000 | 01373nam a2200361 c 4500 | ||
|---|---|---|---|
| 003 | BLK | ||
| 005 | 20191121165256.0 | ||
| 008 | 180412b bul|||||r ||||||| ||bul|| | ||
| 010 | _aKNG00000293000 | ||
| 020 |
_a954-459-100-1 _bиздат.: Хермес |
||
| 040 | _aBLK | ||
| 041 |
_aBUL _cBUL |
||
| 080 |
_aБелгийска литература _b821.133.1(493) _x-93-34 _z821.133.1(493)-93-34 |
||
| 100 | 1 |
_aЛоран, Женевиев _eпърви автор _9241929 |
|
| 700 | 1 |
_aБюске, Карлос _eил. _944865 |
|
| 700 | 1 |
_aАтанасова, Венера _eпрев. _9363279 |
|
| 139 |
_aЛоран, Женевиев _bЛ 83 |
||
| 245 | 1 | 0 |
_aМалкото мече Урсус _bПриказка _cЖеневиев Лоран; ил. Карлос Бюске; прев. Венера Атанасова. |
| 257 | _aBEL | ||
| 260 |
_аПловдив _bХермес _c1993 |
||
| 300 |
_a12 с. _bс цв. ил. _c28 см |
||
| 380 | _aDX | ||
| 490 | 1 | _aВесели истории | |
| 500 | _aАвт. е отбелязан в библиогр. каре. - 20 060 тир. | ||
| 653 | _aприказки | ||
| 653 | _aдетска литература | ||
| 653 | _aлитература за деца | ||
| 852 | _aЦб 184276 | ||
| 856 | 4 |
_qpdf _u |
|
| 856 | 4 |
_qpdf _u |
|
| 942 |
_cKNG _n0 _03 |
||
| 944 |
_aCR _c15.01.2003 _kГеновева_Генчева |
||
| 944 |
_aED _c14.01.2005 _k |
||
| 999 |
_c198 _d198 |
||